Fitzgerald & Kingsley''s electric machinery

Đã lưu trong:
书目详细资料
主要作者:  Umans, Stephen D
格式: Sách
语言:Undetermined
出版:  McGraw-Hill Companies  2014
主题:
标签: 添加标签
没有标签, 成为第一个标记此记录!
Thư viện lưu trữ: Trung tâm Thư viện - Trường Đại học Công nghiệp TP. Hồ Chí Minh
LEADER 00516nam a2200157Ia 4500
001 UIH_05532
008 231011s9999 xx 000 0 und d
082 |a  621.31042 
100 |a  Umans, Stephen D 
245 0 |a  Fitzgerald & Kingsley''s electric machinery 
245 0 |c  Umans, Stephen D 
260 |b  McGraw-Hill Companies 
260 |c  2014 
650 |a  Electric machinery; Máy điện;  
927 |a Sách 
980 |a Trung tâm Thư viện - Trường Đại học Công nghiệp TP. Hồ Chí Minh